000 00596nam a2200181 i 4500
001 116018
003 ES-MaACL
005 20230906190621.0
007 t|
008 061121s1930 sp r ||||1| spa d
100 1 _aOrtiz de la Torre, Elías.
_987595
245 1 0 _aGuía de Santander /
_cElías Ortiz de la Torre.
260 _aMadrid :
_bPatronato Nacional de Turismo,
_c1930.
300 _a118 p., 16 lám., 1 plano pleg. ;
_c17 cm.
651 4 _aSantander-
_vGuías turísticas.
_9164150
710 2 _aPatronato Nacional del Turismo (España)
_96194
852 _aES-MaACL
_jA-1151
_bR.11438
999 _c116018
_d116018